Memoria de Relaciones Esteriores i de Colonización presentada al Congreso Nacional en 1881

Furkejuvvon:
Bibliográfalaš dieđut
Materiálatiipa: Girji
Giella:espánnjágiella
Almmustuhtton: Santiago Imprenta de la Época 1881
Preanttus:1a. ed
Fáttát:
Fáddágilkorat: Lasit fáddágilkoriid
Eai fáddágilkorat, Lasit vuosttaš fáddágilkora!

MARC

LEADER 00000cam a2200000 a 4500
001 UCE4714
003 CL-VaPUC
008 141107e18810000cl |||||||||||||||||spa|d
082 0 4 |a 351.05  |b MEM  |2 21 
245 1 0 |a Memoria de Relaciones Esteriores i de Colonización presentada al Congreso Nacional en 1881 
250 |a 1a. ed 
300 |a pág. irreg 
942 |c BK 
945 |d 20141107 12:15:00  |a arojas 
260 |a Santiago  |b Imprenta de la Época  |c 1881 
500 |a Incluye plegables 
600 0 7 |a MINISTERIO DE RELACIONES EXTERIORES  |2 CL-VaPUC  |9 398252 
600 0 7 |a CONGRESO NACIONAL  |2 CL-VaPUC  |9 396553 
650 7 |a MEMORIAS MINISTERIALES  |2 CL-VaPUC  |9 396559 
650 0 |a Historia de Chile   |9 322385 
650 0 |a Fuentes Históricas  |9 265141 
650 0 |a Balances  |9 356958 
650 0 |a Relaciones Exteriores  |9 255379 
650 7 |a CORRESPONDENCIA DIPLOMATICA  |2 CL-VaPUC  |9 504471 
583 |a last modification  |c 20141107 12:15:00  |k Rodrigo Vera 
999 |c 357594  |d 357592 
952 |0 0  |1 0  |3 erd  |4 0  |6 351_050000000000000_MEM_1881  |7 0  |8 X  |9 465620  |a FDOBUD  |b FDOBUD  |i 5123593  |o 351.05 MEM 1881  |p 5123593  |r 2019-11-23  |w 2019-11-23  |y BK_X  |z Catalogado en:20141107  |k BUD